000
00337 a2200157 4500
001
182776
020
_a
040
_c
Magnum
100
_a
TransÃtor, Murilo Mendes
240
1
0
_a
Antologia de prosa
_l
por
245
1
0
_a
Antologia de prosa
300
_a
414
440
1
_a
Nova Fronteira
697
_a
LITERATURA GERAL
942
_c
BK
999
_c
182776
_d
182776